| 000 | 01816 a2200181 4500 | ||
|---|---|---|---|
| 003 | Nust | ||
| 005 | 20221012120403.0 | ||
| 040 | _cNust | ||
| 082 | _a547,PIN | ||
| 100 |
_aPine Stanley H _91247 |
||
| 245 |
_aOrganic Chemistry / _cStanley H Pine |
||
| 250 | _a5th ed | ||
| 260 |
_aLos Angles _bNational Book Foundation |
||
| 300 | _a1185:p | ||
| 505 | _aWhat is Organic Chemistry (Page-1), Bonding in Organic Molecules (Page-8), Classes and Nomenclature of Organic Compounds functional Groups (Page-48), Characteristic Reactions of Organic Compounds (Page-93), Reaction Mechanism (Page-116), The Shapes of Molecules –Stereochemistry (Page-132), Structure Effect on Reactivity –Resonance (Page-182), Nucleophilic Additions to the Carbonyl Group-Aldehydes and Ketones (Page-212), Nucleophlilic Substitutions and the Carbonyl Group-the Carboxylic Acid Family (Page-265), Nucleophilic Substitutions at Saturated Carbon (Page-316), The Scope of Nucleophilic Substitution (Page-348), The Alpha Carbanion –Nucleophilic –Electrophilic Reactivity of Carbonyl Compounds (Page-398), Nucleophilic Additions and Substitutions in Synthesis (Page-44), Elimination Reaction –Alkenes and Alkynes (Page-464), Electrophonic Additions to Unsaturated (Page-517), Additions to Conjugated Compounds (Page-576), The Mechanism Of Electrophonic Aromatic Substitutions (Page-609), The Scope of Aromatic Substations (Page-638), Polycyclic and Heterocyclic Aromatic Compound (Page-693), Organic Synthesis (Page-721), Carbohydrates and Nucleosides (Page-757), Amino Acids and Proteins (Page-811), Lipids (Page-858), Free Radicals (Page-909), Natural and Synthetic Polymers (Page-944), Molecular Rearrangements (Page-972), Photochemistry and Electrochemistry (Page-1062). | ||
| 650 |
_aOrganic Chemistry _961219 |
||
| 942 |
_2ddc _cBK |
||
| 999 |
_c183648 _d183648 |
||